La voz de las vc̕timas reto para la academia ante el posconflicto /

Detalles Bibliográficos
Autor principal: Londoǫ-Toro, Beatriz
Formato: eBook
Lenguaje:español
Publicado: Bogot:̀ Editorial Universidad de Rosario (Colombia), 2018
Materias:
Acceso en línea:Acceso restringido

MARC

LEADER 00000nam a22000007a 4500
005 20181230124831.0
007 cr|||| ||||
008 181230s2018 co |||||s|||| 00||0 spa d
020 |a 978-958-784-116-9 
035 |a 22649 
040 |a vLex 
090 |c 8416  |d 8416 
100 1 |a Londoǫ-Toro, Beatriz 
245 1 2 |a La voz de las vc̕timas  |h [Recurso electrn̤ico] :  |b reto para la academia ante el posconflicto /  |c Beatriz Londoǫ-Toro 
256 |a Servicio en ln̕ea 
260 |a Bogot:̀  |b Editorial Universidad de Rosario (Colombia),  |c 2018 
300 |a 1 recurso electrn̤ico 
500 |a Este libro presenta artc̕ulos escritos por profesores y estudiantes que durante el aǫ 2017 participaron del “Seminario sobre vc̕timas”, en el marco del doctorado en Derecho de la Universidad del Rosario. La obra se organiza en dos partes. La primera reflexiona sobre el concepto mismo de vc̕tima desde diversos enfoques disciplinarios; y la segunda aborda las diferentes respuestas institucionales previstas desde el Estado y la sociedad. La preocupacin̤ central del libro han sido las vc̕timas en el marco del conflicto armado colombiano, sin embargo, con el fin de evidenciar la heterogeneidad que implica el universo de las vc̕timas, se han incluido experiencias internacionales (Argentina) y otro tipo de vc̕timas (p.e., vc̕timas de trata de personas, vc̕timas de ataques con agentes qum̕icos). La heterogeneidad que se busca resaltar en el libro refleja los ml︢tiples sufrimientos que es posible padecer y cm̤o la institucionalidad enfrenta el difc̕il reto de ofrecer respuestas que atiendan la singularidad de dicho sufrimiento. 
506 1 |a Disponible solo en los productos indicados  |d vLex Global  |d vLex Global (Academic Edition, excluding Law Schools)  |d vLex Global (U.S. Academic Edition, Law Schools)  |d vLex Global (U.S. Academic Edition, excluding Law Schools)  |d vLex Global (Academic Edition, Law Schools) 
650 0 4 |a Derecho Civil  |z Colombia 
740 0 |a vLex Libros (Servicio en ln̕ea) 
856 4 0 |u http://vlex.com/source/voz-de-las-victimas-reto-para-la-academia-ante-el-posconflicto-22649  |z Acceso restringido 
942 |c BOOK 
999 0 0 |a Civil Law